Handbook of international business

Assesses the factors driving international trade and competition, public policies affecting international markets, and other aspects of international business one needs to know to succeed in the increasingly competitive world market. Provides a broad perspective on international financial flows, bal...

Cijeli opis

Spremljeno u:
Bibliografski detalji
Format: Knjiga
Jezik:Undetermined
Izdano: New York John Wiley & Sons 1982
Teme:
Oznake: Dodaj oznaku
Bez oznaka, Budi prvi tko označuje ovaj zapis!
Thư viện lưu trữ: Trung tâm Học liệu Trường Đại học Cần Thơ
LEADER 01050nam a2200181Ia 4500
001 CTU_221775
008 210402s9999 xx 000 0 und d
082 |a 658.049 
082 |b H236 
245 0 |a Handbook of international business 
245 0 |c Edited by Ingo Walter ; Associate editor Tracy Murray 
260 |a New York 
260 |b John Wiley & Sons 
260 |c 1982 
520 |a Assesses the factors driving international trade and competition, public policies affecting international markets, and other aspects of international business one needs to know to succeed in the increasingly competitive world market. Provides a broad perspective on international financial flows, balance of payments, and foreign exchange; and offers practical discussion of international codes of conduct and the roles of international economic institutions and foreign governments... 
650 |a International business enterprises,Doanh nghiệp quốc tế 
904 |i my, tien, Trúc 
980 |a Trung tâm Học liệu Trường Đại học Cần Thơ